Farmers offered new rules to moe footpaths. (Record no. 61445)
[ view plain ]
| 000 -LEADER | |
|---|---|
| fixed length control field | 00717cam a2200169 4500 |
| 001 - CONTROL NUMBER | |
| control field | WB3526-30 |
| 008 - FIXED-LENGTH DATA ELEMENTS--GENERAL INFORMATION | |
| fixed length control field | 000000n1999 000 0 eng u |
| 035 ## - SYSTEM CONTROL NUMBER | |
| System control number | (Sirsi) u102431 |
| 245 ## - TITLE STATEMENT | |
| Title | Farmers offered new rules to moe footpaths. |
| 260 ## - PUBLICATION, DISTRIBUTION, ETC. | |
| Date of publication, distribution, etc. | 1999 |
| 490 ## - SERIES STATEMENT | |
| Series statement | Sunday Telegraph |
| Volume/sequential designation | 4 July 1999, 2(1) |
| 520 ## - SUMMARY, ETC. | |
| Summary, etc. | The environment minister is considering setting up new local access forums, which will enable farmers and other landowners to move the route of footpaths. It is hoped these proposals will lead to greater understanding between farmers, landowners and ramblers when there is dispute over the route of a footpath. |
| 650 ## - SUBJECT ADDED ENTRY--TOPICAL TERM | |
| Topical term or geographic name entry element | RIGHTS OF WAY |
| 650 ## - SUBJECT ADDED ENTRY--TOPICAL TERM | |
| Topical term or geographic name entry element | FOOTPATHS |
| 690 ## - LOCAL SUBJECT ADDED ENTRY--TOPICAL TERM (OCLC, RLIN) | |
| Topical term or geographic name as entry element | LAND |
| 942 ## - ADDED ENTRY ELEMENTS (KOHA) | |
| Suppress in OPAC | 0 |
| Withdrawn status | Lost status | Source of classification or shelving scheme | Damaged status | Not for loan | Home library | Current library | Shelving location | Date acquired | Total Checkouts | Full call number | Barcode | Date last seen | Copy number | Price effective from | Koha item type |
|---|---|---|---|---|---|---|---|---|---|---|---|---|---|---|---|
| Dewey Decimal Classification | London | London | News article | 19/11/1999 | WB3526-30 | 102431-1001 | 06/08/2019 | 1 | 06/08/2019 | News article |